| 000 | 01451nam a22002417a 4500 | ||
|---|---|---|---|
| 008 | 130821s2008 mx gr spa | ||
| 020 |
_a9789681871079 _cObra Completa |
||
| 040 |
_aCo-BoUCM _bspa |
||
| 041 | 0 | 0 | _aspa |
| 100 | 1 | _aMontiel Sosa, Juventino | |
| 245 | 1 | 0 |
_aManual de criminalística _cJuventino Montiel Sosa. |
| 260 |
_aMéxico D.F. (México) _bEdiciones Ciencia y Técnica _c2008 |
||
| 300 | _a6volúmenes | ||
| 504 | _aIncluye referencias bibliográficas. | ||
| 505 | 0 | _aV.1 : Capítulo 1 : Resumen histórico hasta capítulo 20 : Conceptos generales de la investigación crimininalística con análisis instrumental. -- V.2 : Capítulo 21 : El método científico y la criminalística hasta capítulo 28 : Dactilosocopia. -- V.3 : Capítulo 29 : La criminalística y la prueba pericial hasta capítulo 33 : Casuística criminalistica. -- V.4 : Capítulo 34 : Sistemas de identificación para restos humanos hasta capítulo 35 : La importancia de la criminalística y otras ciencias forenses en la identificación de restos humanos, con motivo de los terremotos ocurridos los días 19 y 20 de septiembre de 1985, en la ciudad de México. | |
| 650 | 0 | 4 |
_aCiencias forenses _910810 |
| 650 | 0 | 4 |
_aCriminología _912152 |
| 650 | 0 | 4 |
_aDactiloscopia _912446 |
| 650 | 0 | 4 |
_aDerecho penal _912805 |
| 650 | 0 | 4 |
_aInvestigación criminal _917980 |
| 942 |
_cLIBRORESER _2DEWEY _a8 _e1 _h363.25 _mM557m |
||
| 999 |
_c92282 _d92282 |
||